Ob odnoj singuljarnoj zadače Koši dlja nelinejnych obvyklovennych differenciaľnych upravnenij

Bibliographic Details
Main Author: Kvinikadze, Georgij (Author)
Format: Article
Language:Russian
PhysicalDescription:Res. slov., angl., lit. 3 zázn. v angl., ruš.
Subjects:

MARC

LEADER 00000nab a2200000 a 4500
001 vtls000429698
003 SK-MaSNL
005 20260318124819.0
008 230223c1990 xo 0 rus
015 |a SNBRA19rr/mm-uuuuu 
035 |a CL0429826 
035 |a (urnnbn)urn:nbn:sk:snk:ar-0069ws 
035 |a (uuid)9154dd4e-3e7d-4ec8-b4fd-76615af714ad 
035 |a urn:nbn:sk:snk-ab84zj 
040 |a SNKBUCL  |b slo  |c SNKBUCL  |e AACR2 
041 0 |a rus 
044 |a xo  |c SK 
080 |a 517.91:512.761:517.957  |2 1981 
080 |a 512.761  |2 1981 
080 |a 517.957  |2 1981 
100 1 |a Kvinikadze, Georgij  |4 aut  |9 1294137 
245 1 0 |a Ob odnoj singuljarnoj zadače Koši dlja nelinejnych obvyklovennych differenciaľnych upravnenij  |c Georgij Kvinikadze 
300 |b Res. slov., angl., lit. 3 zázn. v angl., ruš. 
650 0 7 |a diferenciálne rovnice  |2 snkbucl  |9 63334 
650 0 7 |a úloha Cauchyho singulárna (mat.)  |2 snkbucl  |9 1294138 
655 7 |a články zo zborníkov  |2 snkbucl  |9 166140 
773 0 |t Acta mathematica Universitatis Comenianae 56-57  |d Bratislava : Alfa, 1990  |g S. 63-74 
850 |a Slovenská národná knižnica v Martine  |a MTA001 
852 |a SNK  |b KIS3GCP 
958 |a RK 
958 |a OND 
958 |a EUIPO 
958 |a article9 
992 |a RZB 
999 |c 2575250  |d 2577180